000 02194cam a22003614a 4500
001 muse78689
003 MdBmJHUP
005 20210127151420.0
006 m o d
007 cr||||||||nn|n
008 190629s2019 mau o 00 0 eng d
010 _z 2019944840
020 _a9781643150062
020 _z9781643150055
035 _a(OCoLC)1122905652
040 _aMdBmJHUP
_cMdBmJHUP
100 1 _aBeuttler, William,
_eauthor.
245 1 0 _aMake It New
_bReshaping Jazz in the 21st Century /
_cBill Beuttler.
264 1 _bLever Press,
264 3 _bProject MUSE,
300 _a1 online resource (pages cm)
506 0 _aOpen Access
_fUnrestricted online access
_2star
520 _a"As jazz enters its second century it is reasserting itself as dynamic and relevant. Boston Globe jazz writer and Emerson College professor William Beutter reveals new ways in which jazz is engaging with society through the vivid biographies and music of Jason Moran, Vijay Iyer, Rudresh Mahanthappa, The Bad Plus, Miguel Zenón, Anat Cohen, Robert Glasper, Christian Scott aTunde Adjuah, Julian Lage, and Esperanza Spalding. These musicians are freely incorporating other genres of music into jazz-from classical (both western and Indian) to popular (hip-hop, R&B, rock, bluegrass, klezmer, Brazilian choro)-and other art forms as well (literature, film, photography, and other visual arts). This new generation of jazz is increasingly more international and is becoming more open to women as instrumentalists and bandleaders. Contemporary jazz is reasserting itself as a force for social change, prompted by developments such as the Black Lives Matter, #MeToo movements, and the election of Donald Trump"--
_cProvided by publisher.
588 _aDescription based on print version record.
655 7 _aElectronic books.
_2local
710 2 _aProject Muse.
_edistributor
830 0 _aBook collections on Project MUSE.
856 4 0 _zFull text available:
_uhttps://muse.jhu.edu/book/68984/
999 _c25699
_d25699